000 00528nam a2200169Ia 4500
003 GCL
008 140319s9999 xx 000 0 ara d
040 _aGCL /
_cGCL
082 0 4 _a808.83
_bخ ح
100 1 _aخليل جرجس خليل
245 1 0 _aحكايات شرقية /
_cخليل جرجس خليل
300 _a95 ص
490 _aالسنابل الروايات المشهورة
_v0
650 0 4 _aالادب العالمى المترجم
650 0 4 _aالقصص العالمية المترجمة
942 _2ddc
_cBK
999 _c40967
_d40967